T-Pain Charting Songs (Billboard Hot 100) - Statistics

General Stats
  • This quiz has been taken 64 times
    20 since last reset
  • The average score is 19 of 49
Answer Stats
Album Weeks On Peak Artist(s) Song % Correct
Epiphany 22 Weeks #5 T-Pain ft. Akon Bartender
81%
Mail on Sunday 40 Weeks #1 (10 Weeks) Flo Rida ft. T-Pain Low
81%
Exclusive 26 Weeks #1 (3 Weeks) Chris Brown ft. T-Pain Kiss Kiss
75%
Intuition 27 Weeks #2 Jamie Foxx ft. T-Pain Blame It
69%
Graduation 21 Weeks #7 Kanye West ft. T-Pain Good Life
69%
Victory 24 Weeks #24 DJ Khaled ft. T-Pain, Ludacris, Snoop Dogg & Rick Ross All I Do is Win
63%
Rappa Ternt Sanga 20 Weeks #5 T-Pain ft. Mike Jones I'm N' Luv (Wit a Stripper)
63%
Revolver 20 Weeks #10 T-Pain ft. Wiz Khalifa & Lily Allen 5 O'Clock
56%
Epiphany 35 Weeks #1 (1 Week) T-Pain ft. Yung Joc Buy U a Drank (Shawty Snappin')
56%
Tha Carter III 27 Weeks #10 Lil Wayne ft. T-Pain Got Money
56%
Revolver 20 Weeks #33 T-Pain ft. Chris Brown Best Love Song
50%
Three Ringz 24 Weeks #7 T-Pain ft. Lil Wayne Can't Believe It
50%
Three Ringz 10 Weeks #38 T-Pain ft. Chris Brown Freeze
50%
Rappa Ternt Sanga 26 Weeks #8 T-Pain I'm Sprung
50%
The Real Testament 22 Weeks #9 Plies ft. T-Pain Shawty
50%
T-Pain Presents Happy Hour: The Greatest Hits 20 Weeks #62 T-Pain ft. B.o.B Up Down (Do This All Day)
50%
Non-Album Single 7 Weeks #44 T-Pain ft. Joey Galaxy Booty Wurk (One Cheek at a Time)
44%
Cyclone 30 Weeks #7 Baby Bash ft. T-Pain Cyclone
44%
We the Best 20 Weeks #19 DJ Khaled ft. T-Pain, Trick Daddy, Rick Ross & Plies I'm So Hood
44%
We the Best Forever 7 Weeks #79 DJ Khaled ft. Rick Ross, Plies, Lil Wayne & T-Pain Welcome to My Hood
44%
Doggumentary 4 Weeks #76 Snoop Dogg ft. T-Pain Boom
38%
Three Ringz 19 Weeks #27 T-Pain ft. Ludacris Chopped 'N' Skrewed
38%
We Global 2 Weeks #69 DJ Khaled ft. Kanye West & T-Pain Go Hard
38%
Planet Pit 31 Weeks #7 Pitbull ft. T-Pain Hey Baby (Drop It to the Floor)
38%
Double Up 20 Weeks #12 R. Kelly ft. T.I. & T-Pain I'm a Flirt
38%
Incredibad 20 Weeks #56 The Lonely Island ft. T-Pain I'm on a Boat
38%
Trilla 20 Weeks #17 Rick Ross ft. T-Pain The Boss
38%
Theater of the Mind 18 Weeks #24 Ludacris ft. T-Pain One More Drink
31%
Non-Album Single 1 Week #89 T-Pain ft. Rick Ross Rap Song
31%
VYP (Voice of the Young People) 12 Weeks #10 Lil Mama ft. Chris Brown & T-Pain Shawty Get Loose
31%
If Tomorrow Comes... 20 Weeks #39 Maino ft. T-Pain All the Above
25%
Self Made Vol. 2 13 Weeks #64 Wale ft. Rick Ross, Meek Mill & T-Pain Bag of Money
25%
Fantasy Ride 1 Week #78 Ciara ft. T-Pain Go Girl
25%
Tha Carter IV 1 Week #84 Lil Wayne ft. T-Pain How to Hate
25%
Glorious 8 Weeks #70 GloRilla & T-Pain I LUV HER
25%
Chixtape 5 10 Weeks #44 Tory Lanez & T-Pain Jerry Sprunger
25%
Deeper Than Rap 1 Week #92 Rick Ross ft. Kanye West, T-Pain & Lil Wayne Maybach Music 2
25%
Planet Pit 2 Weeks #69 Pitbull ft. T-Pain & Sean Paul Shake Senora
25%
My Ghetto Report Card 25 Weeks #13 E-40 ft. T-Pain & Kandi Girl U and Dat
25%
A Dolla and a Dream 4 Weeks #82 Dolla ft. T-Pain & Tay Dizm Who the Fuck is That?
25%
Revolver 2 Weeks #48 T-Pain ft. Lil Wayne Bang Bang Pow Pow
19%
Non-Album Single 1 Week #97 T-Pain & Kehlani I Like Dat
19%
E=MC² 1 Week #92 Mariah Carey ft. T-Pain Migrate
19%
5.0 1 Week #54 Nelly ft. T-Pain & Akon Move That Body
19%
The Price of Fame 20 Weeks #22 Bow Wow ft. T-Pain & Johnta Austin Outta My System
19%
Non-Album Single 1 Week #75 T-Pain Reverse Cowgirl
19%
Death Before Dishonor 20 Weeks #24 2 Pistols ft. T-Pain & Tay Dizm She Got It
19%
Non-Album Single 1 Week #80 T-Pain Take Your Shirt Off
13%
Departure: Recharged 15 Weeks #35 Jesse McCartney ft. T-Pain Body Language
6%
No matching quizzes found
Score Distribution
Percent of People with Each Score
Percentile by Number Answered
Your Score History
You have not taken this quiz since the last reset